| 000 | 01308nam a22002177a 4500 | ||
|---|---|---|---|
| 005 | 20241112100845.0 | ||
| 008 | 230721b ||||| |||| 00| 0 eng d | ||
| 040 |
_cSSBUL _dSSBUL |
||
| 041 | _aMyanmar | ||
| 082 |
_223 _a၉၅၉.၁၉၅၉၁၉၂ ခွန် ၁၆၀၀၆ (S-SAT) _b၁၆၀၀၆ (S-SAT) |
||
| 100 | 0 |
_aခွန်နွယ်၊ _cမောင်၊ _g(အင်းလေး)။ _928251 |
|
| 245 | 1 |
_aပအိုဝ်း / _cမောင်ခွန်နွယ် (အင်းလေး)။ |
|
| 260 |
_aရန်ကုန်၊ _bစာပေဗိမာန်၊ _c၁၉၉၂။ |
||
| 300 |
_a၄၉၈ စာမျက်နှာ၊ _bဓာတ်ပုံများ၊ _c၁၈ စင်တီ။ |
||
| 440 |
_aစာပေဗိမာန်ထုတ်ပြည်သူ့လက်စွဲစာစဉ်။ _927757 |
||
| 500 | _aS-SAT: Sai Aung Tun. | ||
| 650 |
_aပအိုဝ်းတိုင်းရင်းသား _xယဉ်ကျေးမှုနှင့် ဓလေ့ထုံးစံ။ _928252 |
||
| 650 |
_aရှမ်းပြည်နယ် _zမြန်မာနိုင်ငံ။ _928108 |
||
| 650 |
_aပအိုဝ်းတိုင်းရင်းသား _zမြန်မာနိုင်ငံ။ _954561 |
||
| 942 |
_2ddc _cBK1 |
||
| 999 |
_c27422 _d27422 |
||